Statistics for Lord of the Rings Opening Monolouge (fixed)

Click here to take the quiz!

General Stats

  • This quiz has been taken 255 times
  • The average score is 399 of 460

Answer Stats

Galadriel
% Correct
The
100%
the
100%
A
99%
a
99%
on
98%
Ring
98%
Ring,
98%
ring
98%
ring,
98%
Ring.
98%
Rings.
98%
rings
98%
all.
97%
all
97%
to
97%
I
96%
in
96%
In
96%
of
95%
them
95%
be
94%
Elves
94%
Elves,
94%
One
94%
one,
94%
one
94%
Dwarf-
93%
is
93%
it.
93%
It
93%
it
93%
Power
93%
power
93%
power.
93%
rule
93%
were
93%
and
92%
And
92%
Doom
92%
Doom,
92%
For
92%
for
92%
given
92%
Lord
92%
Lords,
92%
Men
92%
Men -
92%
Mount
92%
mountain
92%
Mountains.
92%
Seven
92%
Three
92%
by
91%
Dark
91%
Darkness
91%
Earth.
91%
Earth
91%
earth.
91%
Earth,
91%
king,
91%
nine
91%
nine,
91%
who
91%
Gollum,
90%
Gollum
90%
he
90%
Hobbit:
90%
Hobbits
90%
last
90%
Middle-
90%
Shire.
90%
world.
90%
world
90%
But
89%
but
89%
that
89%
they
89%
was
89%
creature
88%
feel
88%
his
88%
Sauron
88%
Sauron,
88%
when
88%
forged
87%
Gollum’s
87%
lost,
87%
lost.
87%
not
87%
then
87%
with
87%
air.
86%
Bilbo
86%
came
86%
came,
86%
made.
86%
Mordor,
86%
sword.
86%
water.
86%
another
85%
Baggins,
85%
fires
85%
fought
85%
land
85%
will
85%
fell
84%
five
84%
great
84%
Great
84%
Isildur,
84%
Isildur...
84%
some
84%
took
84%
years
84%
years,
84%
above
83%
are
83%
death.
83%
desire
83%
free-
83%
free
83%
have
83%
race.
83%
race
83%
there
83%
there,
83%
time
83%
been
82%
come.
82%
come
82%
had
82%
most
82%
smell
82%
two
82%
up
82%
alliance
81%
changed.
81%
could
81%
destroy
81%
gifted
81%
half
81%
its
81%
master
81%
secret
81%
son
81%
thousand
81%
began
80%
betrayed
80%
hundred
80%
miners
80%
Misty
80%
once
80%
own.
80%
things
80%
this
80%
chance
79%
deep
79%
else,
79%
forging
79%
has
79%
hope
79%
life.
79%
peoples
79%
cave,
78%
halls.
78%
resisted.
78%
should
78%
beings.
77%
deceived,
77%
evil
77%
fairest
77%
forever,
77%
forgotten
77%
hearts
77%
mind.
77%
became
76%
defeated.
76%
into
76%
live
76%
now
76%
these
76%
wisest
76%
corrupted.
75%
immortal,
75%
lands
75%
legend.
75%
Legend
75%
easily
74%
enemy
74%
father’s
74%
moment,
74%
myth.
74%
none
74%
picked
74%
remember
74%
unlikely
74%
long
73%
out
73%
something
73%
craftsmen
72%
freedom
72%
malice,
72%
passed
72%
soon
72%
control
71%
happened
71%
him.
71%
History
71%
Much
71%
others.
71%
did
70%
within
70%
abandoned
69%
near.
69%
poured
69%
armies
68%
each
68%
knowledge.
68%
shadow
68%
slopes
68%
against
67%
back
67%
marched
67%
Victory
67%
cruelty,
66%
imaginable.
66%
new
66%
undone.
66%
unnatural
66%
dominate
65%
govern
65%
poisoned
65%
waited.
65%
bearer.
64%
strength
64%
crept
63%
east,
63%
forests
63%
tunnels
63%
bound
62%
faded,
62%
intend.
62%
Rumor
61%
brought
60%
consumed
60%
ensnared
60%
shape
60%
Until,
60%
gloom
58%
grew
56%
fear,
54%
whispers
54%
fortunes
53%
perceived
53%
nameless
50%

Score Distribution

Percentile by Number Answered

Percent of People with Each Score

Your Score History

You have not taken this quiz